00501nam a2200157Ia 4500008004100000041000800041082001700049100001900066245001600085250001400101260004200115300003100157365000900188999001500197952013100212240624s9999 xx 000 0 und d aeng a658.4058 BRA aBRAGG STEVEN M aOUTSOURCING a(2nd ed.) c2006aNew JerseybJohn Wiley and Sons axvi, : 383 : p. : cm. ; 23 cb27 c4733d4733 00104070aIMTNbIMTNcRack 31-Ad2007-03-05eIBHg54.95n576o658.4058 BRAp4733r2024-06-24 00:00:00t44.28w2024-06-24yBK